[Event "ODJM A 2024"]
[Site "Willingen GER"]
[Date "2024.05.20"]
[Round "3"]
[White "Astner, Sebastian"]
[Black "Matthes, Benjamin"]
[Result "1/2-1/2"]
[Termination "normal"]
[Board "27"]
[WhiteElo "1930"]
[BlackElo "1963"]
[WhiteClock "00:17:55"]
[BlackClock "00:02:25"]
[PlyCount "61"]
[WhiteFideId "12979422"]
[BlackFideId "16227298"]
[EventCountry "GER"]
[EventRounds "9"]
[EventType "swiss"]
[EventDate "2024.05.18"]

1. e4 {[%clk 01:30:58]} {[%emt 00:00:02]} c5 {[%clk 01:30:40]} {[%emt
00:00:21]} 2. a3 {[%clk 01:31:20]} {[%emt 00:00:07]} g6 {[%clk 01:30:54]}
{[%emt 00:00:16]} 3. h4 {[%clk 01:31:45]} {[%emt 00:00:06]} Bg7 {[%clk
01:16:37]} {[%emt 00:14:47]} 4. h5 {[%clk 01:31:19]} {[%emt 00:00:55]} Nc6
{[%clk 01:15:16]} {[%emt 00:01:51]} 5. Nc3 {[%clk 01:29:22]} {[%emt 00:02:27]}
e6 {[%clk 01:03:59]} {[%emt 00:11:48]} 6. d3 {[%clk 01:19:54]} {[%emt
00:09:58]} Nge7 {[%clk 01:00:24]} {[%emt 00:04:05]} 7. Bf4 {[%clk 01:10:20]}
{[%emt 00:10:03]} d5 {[%clk 00:53:12]} {[%emt 00:07:42]} 8. Nge2 {[%clk
01:06:27]} {[%emt 00:04:23]} d4 {[%clk 00:37:18]} {[%emt 00:16:24]} 9. Nb1
{[%clk 01:05:57]} {[%emt 00:01:00]} e5 {[%clk 00:35:32]} {[%emt 00:02:17]} 10.
Bg5 {[%clk 01:04:56]} {[%emt 00:01:31]} h6 {[%clk 00:26:12]} {[%emt 00:09:51]}
11. Bd2 {[%clk 01:01:54]} {[%emt 00:03:31]} g5 {[%clk 00:25:51]} {[%emt
00:00:51]} 12. Ng3 {[%clk 01:00:47]} {[%emt 00:01:38]} f5 {[%clk 00:21:17]}
{[%emt 00:05:04]} 13. Nxf5 {[%clk 00:59:02]} {[%emt 00:02:14]} Nxf5 {[%clk
00:21:19]} {[%emt 00:00:28]} 14. exf5 {[%clk 00:59:26]} {[%emt 00:00:06]} Bxf5
{[%clk 00:21:32]} {[%emt 00:00:17]} 15. g4 {[%clk 00:58:04]} {[%emt 00:01:53]}
Be6 {[%clk 00:16:46]} {[%emt 00:05:16]} 16. Bg2 {[%clk 00:57:38]} {[%emt
00:00:56]} Bd5 {[%clk 00:13:10]} {[%emt 00:04:07]} 17. O-O {[%clk 00:56:11]}
{[%emt 00:01:56]} Bxg2 {[%clk 00:09:28]} {[%emt 00:04:13]} 18. Kxg2 {[%clk
00:56:39]} {[%emt 00:00:01]} O-O {[%clk 00:08:34]} {[%emt 00:01:24]} 19. a4
{[%clk 00:54:49]} {[%emt 00:02:20]} Qd5+ {[%clk 00:08:58]} {[%emt 00:00:06]}
20. f3 {[%clk 00:54:39]} {[%emt 00:00:40]} b6 {[%clk 00:05:27]} {[%emt
00:04:01]} 21. Na3 {[%clk 00:52:46]} {[%emt 00:02:23]} a6 {[%clk 00:05:11]}
{[%emt 00:00:47]} 22. Qe2 {[%clk 00:50:34]} {[%emt 00:02:42]} Rab8 {[%clk
00:04:05]} {[%emt 00:01:36]} 23. Nc4 {[%clk 00:35:02]} {[%emt 00:16:02]} b5
{[%clk 00:04:16]} {[%emt 00:00:19]} 24. axb5 {[%clk 00:35:23]} {[%emt
00:00:09]} axb5 {[%clk 00:04:45]} {[%emt 00:00:01]} 25. Na5 {[%clk 00:34:20]}
{[%emt 00:01:32]} Ra8 {[%clk 00:04:55]} {[%emt 00:00:20]} 26. Nxc6 {[%clk
00:31:02]} {[%emt 00:03:48]} Qxc6 {[%clk 00:05:24]} 27. Qe4 {[%clk 00:30:28]}
{[%emt 00:01:04]} Qxe4 {[%clk 00:04:53]} {[%emt 00:01:01]} 28. fxe4 {[%clk
00:30:51]} {[%emt 00:00:07]} Rfc8 {[%clk 00:04:05]} {[%emt 00:01:18]} 29. Kf2
{[%clk 00:29:50]} {[%emt 00:01:31]} Kf7 {[%clk 00:01:56]} {[%emt 00:02:40]} 30.
Ke2+ {[%clk 00:29:47]} {[%emt 00:00:33]} Ke6 {[%clk 00:02:25]} 31. b3 {[%clk
00:17:55]} {[%emt 00:12:21]} 1/2-1/2

[Event "ODJM A 2024"]
[Site "Willingen GER"]
[Date "2024.05.20"]
[Round "3"]
[White "Andrade, Ruben"]
[Black "Nguyen, Phuc Nhat"]
[Result "0-1"]
[Termination "normal"]
[Board "28"]
[WhiteElo "1968"]
[BlackElo "1893"]
[WhiteClock "00:04:48"]
[BlackClock "00:05:45"]
[PlyCount "154"]
[WhiteFideId "16246829"]
[BlackFideId "16253590"]
[EventCountry "GER"]
[EventRounds "9"]
[EventType "swiss"]
[EventDate "2024.05.18"]

1. e4 {[%clk 01:30:58]} {[%emt 00:00:01]} e5 {[%clk 01:30:53]} {[%emt
00:00:08]} 2. Nf3 {[%clk 01:31:25]} {[%emt 00:00:03]} Nc6 {[%clk 01:31:17]}
{[%emt 00:00:06]} 3. Bb5 {[%clk 01:31:49]} {[%emt 00:00:06]} a6 {[%clk
01:31:42]} {[%emt 00:00:05]} 4. Ba4 {[%clk 01:32:15]} {[%emt 00:00:04]} Nf6
{[%clk 01:32:05]} {[%emt 00:00:06]} 5. Nc3 {[%clk 01:32:39]} {[%emt 00:00:07]}
b5 {[%clk 01:31:36]} {[%emt 00:00:58]} 6. Bb3 {[%clk 01:33:03]} {[%emt
00:00:05]} Bc5 {[%clk 01:32:01]} {[%emt 00:00:05]} 7. d3 {[%clk 01:33:23]}
{[%emt 00:00:11]} h6 {[%clk 01:32:24]} {[%emt 00:00:07]} 8. Nd5 {[%clk
01:33:43]} {[%emt 00:00:09]} d6 {[%clk 01:32:14]} {[%emt 00:00:41]} 9. c3
{[%clk 01:33:59]} {[%emt 00:00:14]} Be6 {[%clk 01:28:51]} {[%emt 00:03:53]} 10.
Nxf6+ {[%clk 01:30:09]} {[%emt 00:04:20]} Qxf6 {[%clk 01:29:08]} {[%emt
00:00:13]} 11. O-O {[%clk 01:29:39]} {[%emt 00:00:59]} O-O {[%clk 01:26:55]}
{[%emt 00:02:43]} 12. Be3 {[%clk 01:27:09]} {[%emt 00:03:00]} Bxe3 {[%clk
01:25:28]} {[%emt 00:01:57]} 13. fxe3 {[%clk 01:27:32]} {[%emt 00:00:07]} Qe7
{[%clk 01:25:25]} {[%emt 00:00:33]} 14. Qc2 {[%clk 01:09:45]} {[%emt 00:18:17]}
Rfe8 {[%clk 01:07:12]} {[%emt 00:18:42]} 15. Rfe1 {[%clk 01:03:35]} {[%emt
00:06:39]} Na5 {[%clk 00:54:20]} {[%emt 00:13:23]} 16. Bxe6 {[%clk 01:02:53]}
{[%emt 00:01:13]} Qxe6 {[%clk 00:53:49]} {[%emt 00:01:01]} 17. d4 {[%clk
00:58:54]} {[%emt 00:04:28]} Nc4 {[%clk 00:48:13]} {[%emt 00:06:06]} 18. b3
{[%clk 00:57:13]} {[%emt 00:02:11]} Nb6 {[%clk 00:48:20]} {[%emt 00:00:23]} 19.
Rac1 {[%clk 00:52:26]} {[%emt 00:05:17]} c5 {[%clk 00:41:20]} {[%emt 00:07:30]}
20. c4 {[%clk 00:43:25]} {[%emt 00:09:31]} Rac8 {[%clk 00:37:18]} {[%emt
00:04:32]} 21. Qd3 {[%clk 00:41:41]} {[%emt 00:02:13]} bxc4 {[%clk 00:30:07]}
{[%emt 00:07:42]} 22. bxc4 {[%clk 00:42:05]} {[%emt 00:00:06]} cxd4 {[%clk
00:30:33]} {[%emt 00:00:05]} 23. exd4 {[%clk 00:42:27]} {[%emt 00:00:07]} Rxc4
{[%clk 00:30:03]} {[%emt 00:01:01]} 24. d5 {[%clk 00:42:06]} {[%emt 00:00:51]}
Qc8 {[%clk 00:30:28]} {[%emt 00:00:05]} 25. Rxc4 {[%clk 00:37:58]} {[%emt
00:04:37]} Qxc4 {[%clk 00:27:18]} {[%emt 00:03:40]} 26. Qxc4 {[%clk 00:25:22]}
{[%emt 00:13:05]} Nxc4 {[%clk 00:25:28]} {[%emt 00:02:20]} 27. Rc1 {[%clk
00:25:44]} {[%emt 00:00:07]} Rc8 {[%clk 00:25:52]} {[%emt 00:00:07]} 28. Kf2
{[%clk 00:20:44]} {[%emt 00:05:29]} Kf8 {[%clk 00:24:30]} {[%emt 00:01:54]} 29.
Ke2 {[%clk 00:20:51]} {[%emt 00:00:22]} Ke7 {[%clk 00:22:34]} {[%emt 00:02:27]}
30. Nd2 {[%clk 00:17:16]} {[%emt 00:04:05]} Nb6 {[%clk 00:22:52]} {[%emt
00:00:12]} 31. Rxc8 {[%clk 00:17:40]} {[%emt 00:00:06]} Nxc8 {[%clk 00:23:11]}
{[%emt 00:00:11]} 32. Kd3 {[%clk 00:17:43]} {[%emt 00:00:26]} Nb6 {[%clk
00:22:41]} {[%emt 00:01:00]} 33. g4 {[%clk 00:14:23]} {[%emt 00:03:50]} g6
{[%clk 00:20:24]} {[%emt 00:02:48]} 34. Nf1 {[%clk 00:12:44]} {[%emt 00:02:09]}
f5 {[%clk 00:18:27]} {[%emt 00:02:28]} 35. gxf5 {[%clk 00:13:02]} {[%emt
00:00:11]} gxf5 {[%clk 00:18:53]} {[%emt 00:00:04]} 36. Ne3 {[%clk 00:13:20]}
{[%emt 00:00:12]} fxe4+ {[%clk 00:15:30]} {[%emt 00:03:54]} 37. Kxe4 {[%clk
00:13:45]} {[%emt 00:00:06]} Kf6 {[%clk 00:15:44]} {[%emt 00:00:16]} 38. a3
{[%clk 00:01:03]} {[%emt 00:13:11]} Na4 {[%clk 00:12:08]} {[%emt 00:04:05]} 39.
Nc4 {[%clk 00:00:52]} {[%emt 00:00:41]} Nc3+ {[%clk 00:10:26]} {[%emt
00:02:12]} 40. Kd3 {[%clk 00:01:16]} {[%emt 00:00:06]} Nxd5 {[%clk 00:10:44]}
{[%emt 00:00:12]} 41. Nxd6 {[%clk 00:01:38]} {[%emt 00:00:09]} Ke6 {[%clk
00:09:35]} {[%emt 00:01:39]} 42. Nb7 {[%clk 00:00:35]} {[%emt 00:01:33]} Kf5
{[%clk 00:05:55]} {[%emt 00:04:10]} 43. Nc5 {[%clk 00:28:15]} {[%emt 00:02:49]}
a5 {[%clk 00:29:56]} {[%emt 00:06:30]} 44. Nb7 {[%clk 00:26:12]} {[%emt
00:02:32]} Kf4 {[%clk 00:11:10]} {[%emt 00:19:17]} 45. Nxa5 {[%clk 00:24:02]}
{[%emt 00:02:41]} e4+ {[%clk 00:11:31]} {[%emt 00:00:09]} 46. Ke2 {[%clk
00:22:35]} {[%emt 00:01:56]} e3 {[%clk 00:11:17]} {[%emt 00:00:44]} 47. Nc4
{[%clk 00:03:42]} {[%emt 00:19:23]} Nc3+ {[%clk 00:10:29]} {[%emt 00:01:18]}
48. Ke1 {[%clk 00:04:07]} {[%emt 00:00:04]} h5 {[%clk 00:10:37]} {[%emt
00:00:23]} 49. Nb2 {[%clk 00:00:52]} {[%emt 00:03:45]} Nb5 {[%clk 00:06:55]}
{[%emt 00:04:12]} 50. a4 {[%clk 00:00:55]} {[%emt 00:00:28]} Nd4 {[%clk
00:07:23]} 51. Nd1 {[%clk 00:00:46]} {[%emt 00:00:39]} e2 {[%clk 00:02:09]}
{[%emt 00:05:45]} 52. Nc3 {[%clk 00:01:06]} {[%emt 00:00:09]} Kf3 {[%clk
00:02:27]} {[%emt 00:00:10]} 53. Nxe2 {[%clk 00:01:24]} {[%emt 00:00:14]} Nxe2
{[%clk 00:02:51]} {[%emt 00:00:06]} 54. a5 {[%clk 00:01:13]} {[%emt 00:00:41]}
Nd4 {[%clk 00:01:29]} {[%emt 00:01:47]} 55. a6 {[%clk 00:01:38]} {[%emt
00:00:11]} Nc6 {[%clk 00:00:58]} {[%emt 00:01:00]} 56. Kf1 {[%clk 00:02:00]}
{[%emt 00:00:07]} Na7 {[%clk 00:01:04]} {[%emt 00:00:25]} 57. Kg1 {[%clk
00:02:16]} {[%emt 00:00:13]} Nb5 {[%clk 00:00:59]} {[%emt 00:00:36]} 58. Kf1
{[%clk 00:01:49]} {[%emt 00:00:57]} Na7 {[%clk 00:01:26]} {[%emt 00:00:03]} 59.
Kg1 {[%clk 00:02:05]} {[%emt 00:00:13]} h4 {[%clk 00:01:54]} {[%emt 00:00:03]}
60. Kf1 {[%clk 00:01:06]} {[%emt 00:01:28]} Nb5 {[%clk 00:02:22]} {[%emt
00:00:03]} 61. Kg1 {[%clk 00:01:02]} {[%emt 00:00:34]} Na7 {[%clk 00:02:51]}
{[%emt 00:00:02]} 62. Kf1 {[%clk 00:01:20]} {[%emt 00:00:12]} h3 {[%clk
00:02:51]} {[%emt 00:00:30]} 63. Ke1 {[%clk 00:00:36]} {[%emt 00:01:14]} Kg2
{[%clk 00:03:10]} {[%emt 00:00:11]} 64. Ke2 {[%clk 00:01:05]} {[%emt 00:00:01]}
Nc6 {[%clk 00:03:30]} {[%emt 00:00:10]} 65. Ke1 {[%clk 00:01:28]} {[%emt
00:00:06]} Na7 {[%clk 00:03:56]} {[%emt 00:00:04]} 66. Ke2 {[%clk 00:01:56]}
{[%emt 00:00:03]} Kg1 {[%clk 00:04:20]} {[%emt 00:00:06]} 67. Ke1 {[%clk
00:02:22]} {[%emt 00:00:03]} Kxh2 {[%clk 00:04:46]} {[%emt 00:00:04]} 68. Kf2
{[%clk 00:02:43]} {[%emt 00:00:09]} Nc6 {[%clk 00:03:38]} {[%emt 00:01:38]} 69.
Kf1 {[%clk 00:03:08]} {[%emt 00:00:05]} Kh1 {[%clk 00:03:34]} {[%emt 00:00:34]}
70. Kf2 {[%clk 00:03:32]} {[%emt 00:00:06]} Kh2 {[%clk 00:04:02]} {[%emt
00:00:02]} 71. Kf1 {[%clk 00:03:56]} {[%emt 00:00:06]} Kg3 {[%clk 00:03:45]}
{[%emt 00:00:48]} 72. Kg1 {[%clk 00:04:18]} {[%emt 00:00:08]} Na7 {[%clk
00:04:13]} {[%emt 00:00:03]} 73. Kh1 {[%clk 00:04:35]} {[%emt 00:00:12]} Nb5
{[%clk 00:04:41]} {[%emt 00:00:02]} 74. Kg1 {[%clk 00:03:35]} {[%emt 00:01:29]}
h2+ {[%clk 00:04:57]} {[%emt 00:00:14]} 75. Kh1 {[%clk 00:03:59]} {[%emt
00:00:06]} Nd6 {[%clk 00:05:19]} {[%emt 00:00:08]} 76. a7 {[%clk 00:04:23]}
{[%emt 00:00:07]} Ne4 {[%clk 00:05:45]} {[%emt 00:00:04]} 77. a8=B {[%clk
00:04:48]} {[%emt 00:00:06]} Nf2# {[%emt 00:00:04]} 0-1

[Event "ODJM A 2024"]
[Site "Willingen GER"]
[Date "2024.05.20"]
[Round "3"]
[White "Brandl, Lea Maria"]
[Black "Holzwarth, Felix"]
[Result "1/2-1/2"]
[Termination "normal"]
[Board "29"]
[WhiteElo "1920"]
[BlackElo "1976"]
[WhiteClock "00:18:56"]
[BlackClock "00:33:28"]
[PlyCount "66"]
[WhiteFideId "24693049"]
[BlackFideId "34621377"]
[EventCountry "GER"]
[EventRounds "9"]
[EventType "swiss"]
[EventDate "2024.05.18"]

1. Nf3 {[%clk 01:30:54]} {[%emt 00:00:06]} Nf6 {[%clk 01:30:12]} {[%emt
00:00:49]} 2. d4 {[%clk 01:31:12]} {[%emt 00:00:12]} d5 {[%clk 01:30:27]}
{[%emt 00:00:14]} 3. c4 {[%clk 01:31:06]} {[%emt 00:00:36]} e6 {[%clk
01:30:30]} {[%emt 00:00:27]} 4. Nc3 {[%clk 01:31:29]} {[%emt 00:00:08]} Be7
{[%clk 01:30:52]} {[%emt 00:00:08]} 5. Bg5 {[%clk 01:31:43]} {[%emt 00:00:16]}
h6 {[%clk 01:31:13]} {[%emt 00:00:09]} 6. Bh4 {[%clk 01:32:08]} {[%emt
00:00:04]} Nbd7 {[%clk 01:31:36]} {[%emt 00:00:08]} 7. e3 {[%clk 01:32:20]}
{[%emt 00:00:18]} O-O {[%clk 01:32:00]} {[%emt 00:00:06]} 8. Rc1 {[%clk
01:32:33]} {[%emt 00:00:17]} c5 {[%clk 01:32:12]} {[%emt 00:00:18]} 9. Bd3
{[%clk 01:31:10]} {[%emt 00:01:52]} dxc4 {[%clk 01:32:20]} {[%emt 00:00:22]}
10. Bxc4 {[%clk 01:31:32]} {[%emt 00:00:09]} a6 {[%clk 01:32:49]} {[%emt
00:00:01]} 11. a4 {[%clk 01:31:05]} {[%emt 00:00:56]} cxd4 {[%clk 01:33:14]}
{[%emt 00:00:05]} 12. Nxd4 {[%clk 01:30:12]} {[%emt 00:01:23]} Qb6 {[%clk
01:33:38]} {[%emt 00:00:06]} 13. Qe2 {[%clk 01:28:58]} {[%emt 00:01:44]} Ne5
{[%clk 01:32:21]} {[%emt 00:01:47]} 14. Ba2 {[%clk 01:27:18]} {[%emt 00:02:10]}
Ng6 {[%clk 01:31:27]} {[%emt 00:01:25]} 15. Bg3 {[%clk 01:25:08]} {[%emt
00:02:40]} e5 {[%clk 01:26:43]} {[%emt 00:05:14]} 16. Nf3 {[%clk 01:21:13]}
{[%emt 00:04:24]} Be6 {[%clk 01:10:16]} {[%emt 00:16:57]} 17. Bb1 {[%clk
01:11:23]} {[%emt 00:10:21]} e4 {[%clk 01:04:08]} {[%emt 00:06:38]} 18. Nd4
{[%clk 01:07:10]} {[%emt 00:04:41]} Rac8 {[%clk 01:02:52]} {[%emt 00:01:47]}
19. Nxe6 {[%clk 01:06:17]} {[%emt 00:01:24]} Qxe6 {[%clk 01:03:14]} {[%emt
00:00:07]} 20. O-O {[%clk 01:06:05]} {[%emt 00:00:42]} Rfd8 {[%clk 00:58:30]}
{[%emt 00:05:14]} 21. Rfd1 {[%clk 01:04:07]} {[%emt 00:02:28]} Bd6 {[%clk
00:52:22]} {[%emt 00:06:38]} 22. Bxd6 {[%clk 00:57:50]} {[%emt 00:06:47]} Rxd6
{[%clk 00:52:21]} {[%emt 00:00:31]} 23. Rxd6 {[%clk 00:57:56]} {[%emt
00:00:24]} Qxd6 {[%clk 00:52:35]} {[%emt 00:00:15]} 24. Rd1 {[%clk 00:58:08]}
{[%emt 00:00:19]} Qe5 {[%clk 00:43:39]} {[%emt 00:09:26]} 25. Rd4 {[%clk
00:55:32]} {[%emt 00:03:07]} Nh4 {[%clk 00:43:03]} {[%emt 00:01:05]} 26. Bxe4
{[%clk 00:50:49]} {[%emt 00:05:13]} Rxc3 {[%clk 00:41:55]} {[%emt 00:01:38]}
27. bxc3 {[%clk 00:48:44]} {[%emt 00:02:35]} Nxe4 {[%clk 00:42:17]} {[%emt
00:00:09]} 28. f3 {[%clk 00:43:22]} {[%emt 00:05:52]} Nxc3 {[%clk 00:39:15]}
{[%emt 00:03:31]} 29. Qd3 {[%clk 00:39:34]} {[%emt 00:04:17]} Nf5 {[%clk
00:39:25]} {[%emt 00:00:20]} 30. Qxc3 {[%clk 00:23:50]} {[%emt 00:16:14]} Nxd4
{[%clk 00:39:46]} {[%emt 00:00:09]} 31. exd4 {[%clk 00:23:51]} {[%emt
00:00:29]} Qd5 {[%clk 00:38:59]} {[%emt 00:01:17]} 32. a5 {[%clk 00:20:32]}
{[%emt 00:03:49]} Kf8 {[%clk 00:35:32]} {[%emt 00:03:57]} 33. Kf2 {[%clk
00:18:56]} {[%emt 00:02:06]} Ke7 {[%clk 00:33:28]} {[%emt 00:02:33]} 1/2-1/2

[Event "ODJM A 2024"]
[Site "Willingen GER"]
[Date "2024.05.20"]
[Round "3"]
[White "Schäfer, Daniel"]
[Black "Klahold, Rona"]
[Result "1-0"]
[Termination "normal"]
[Board "30"]
[WhiteElo "1916"]
[BlackElo "1779"]
[WhiteClock "00:11:54"]
[BlackClock "00:12:05"]
[PlyCount "59"]
[WhiteFideId "16235088"]
[BlackFideId "16222970"]
[EventCountry "GER"]
[EventRounds "9"]
[EventType "swiss"]
[EventDate "2024.05.18"]

1. d4 {[%clk 01:30:57]} {[%emt 00:00:03]} d5 {[%clk 01:30:51]} {[%emt
00:00:08]} 2. c4 {[%clk 01:31:21]} {[%emt 00:00:07]} e6 {[%clk 01:31:07]}
{[%emt 00:00:14]} 3. Nc3 {[%clk 01:31:46]} {[%emt 00:00:05]} Nf6 {[%clk
01:31:26]} {[%emt 00:00:12]} 4. cxd5 {[%clk 01:32:12]} {[%emt 00:00:04]} exd5
{[%clk 01:31:41]} {[%emt 00:00:16]} 5. Bg5 {[%clk 01:32:36]} {[%emt 00:00:06]}
Nbd7 {[%clk 01:31:14]} {[%emt 00:00:57]} 6. e3 {[%clk 01:33:03]} {[%emt
00:00:03]} c6 {[%clk 01:31:14]} {[%emt 00:00:30]} 7. Bd3 {[%clk 01:33:27]}
{[%emt 00:00:05]} Qa5 {[%clk 01:29:59]} {[%emt 00:01:45]} 8. Nge2 {[%clk
01:28:59]} {[%emt 00:04:58]} Ne4 {[%clk 01:26:36]} {[%emt 00:03:53]} 9. Bf4
{[%clk 01:21:34]} {[%emt 00:07:54]} Bb4 {[%clk 01:16:08]} {[%emt 00:10:59]} 10.
Qc2 {[%clk 01:19:12]} {[%emt 00:02:52]} Ndf6 {[%clk 01:10:12]} {[%emt
00:06:26]} 11. f3 {[%clk 01:03:24]} {[%emt 00:16:17]} Nxc3 {[%clk 01:09:17]}
{[%emt 00:01:25]} 12. bxc3 {[%clk 00:59:22]} {[%emt 00:04:32]} Be7 {[%clk
01:06:32]} {[%emt 00:03:15]} 13. O-O {[%clk 00:56:55]} {[%emt 00:02:57]} O-O
{[%clk 01:01:07]} {[%emt 00:05:56]} 14. e4 {[%clk 00:51:44]} {[%emt 00:05:40]}
h6 {[%clk 00:48:46]} {[%emt 00:12:51]} 15. e5 {[%clk 00:50:04]} {[%emt
00:02:11]} Nd7 {[%clk 00:47:46]} {[%emt 00:01:30]} 16. Be3 {[%clk 00:44:17]}
{[%emt 00:06:17]} c5 {[%clk 00:45:56]} {[%emt 00:02:20]} 17. Ng3 {[%clk
00:41:56]} {[%emt 00:02:50]} Re8 {[%clk 00:36:46]} {[%emt 00:09:40]} 18. f4
{[%clk 00:40:28]} {[%emt 00:01:58]} c4 {[%clk 00:34:49]} {[%emt 00:02:28]} 19.
Be2 {[%clk 00:35:44]} {[%emt 00:05:14]} Nf8 {[%clk 00:27:07]} {[%emt 00:08:11]}
20. f5 {[%clk 00:31:47]} {[%emt 00:04:27]} Bg5 {[%clk 00:24:38]} {[%emt
00:02:59]} 21. Bxg5 {[%clk 00:23:59]} {[%emt 00:08:18]} hxg5 {[%clk 00:24:57]}
{[%emt 00:00:11]} 22. Bh5 {[%clk 00:23:34]} {[%emt 00:00:54]} Rd8 {[%clk
00:21:44]} {[%emt 00:03:43]} 23. Rae1 {[%clk 00:19:27]} {[%emt 00:04:36]} Qa6
{[%clk 00:19:54]} {[%emt 00:02:20]} 24. e6 {[%clk 00:14:31]} {[%emt 00:05:26]}
fxe6 {[%clk 00:19:58]} {[%emt 00:00:27]} 25. f6 {[%clk 00:14:51]} {[%emt
00:00:10]} Rd7 {[%clk 00:14:25]} {[%emt 00:06:03]} 26. f7+ {[%clk 00:13:02]}
{[%emt 00:02:19]} Kh8 {[%clk 00:14:44]} {[%emt 00:00:10]} 27. Re5 {[%clk
00:13:04]} {[%emt 00:00:28]} Re7 {[%clk 00:13:06]} {[%emt 00:02:08]} 28. Rxg5
{[%clk 00:13:11]} {[%emt 00:00:23]} e5 {[%clk 00:13:09]} {[%emt 00:00:28]} 29.
Bg6 {[%clk 00:12:31]} {[%emt 00:01:10]} Qxg6 {[%clk 00:12:05]} {[%emt
00:01:34]} 30. Rxg6 {[%clk 00:11:54]} {[%emt 00:01:07]} 1-0